Catálogo
 En Linea
Vista normal Vista MARC

Entrada Término temático

Número de registros utilizados en: 1

001 - NÚMERO DE CONTROL

  • campo de control: 87469

003 - IDENTIFICADOR DEL NÚMERO DE CONTROL

  • campo de control: BNPHU

005 - FECHA Y HORA DE LA ÚLTIMA TRANSACCIÓN

  • campo de control: 20250416110035.0

008 - DATOS DE LONGITUD FIJA

  • campo de control de longitud fija: 250416|| aca||aabn | a|a d

010 ## - NÚMERO DE CONTROL DE LA BIBLIOTECA DEL CONGRESO

  • Número de control de LC: sh 85137164

040 ## - FUENTE DE LA CATALOGACIÓN

  • Centro catalogador/agencia de origen: DO-SdBNP
  • Lengua de catalogación: spa
  • Centro/agencia transcriptor: BNPHU
  • Normas de descripción: rda

150 ## - ENCABEZAMIENTO--TÉRMINO DE MATERIA

  • Término de materia o nombre geográfico como elemento de entrada: Fotografía de viajes

450 ## - TRAZADO DE VÉASE--TÉRMINO DE MATERIA

  • Término de materia o nombre geográfico como elemento de entrada: Travel photography

450 ## - TRAZADO DE VÉASE--TÉRMINO DE MATERIA

  • Término de materia o nombre geográfico como elemento de entrada: Fotografía de viaje

450 ## - TRAZADO DE VÉASE--TÉRMINO DE MATERIA

  • Término de materia o nombre geográfico como elemento de entrada: Viajes
  • Subdivisión general: Fotografía

550 ## - TRAZADO VÉASE ADEMÁS--TÉRMINO DE MATERIA

  • Término de materia o nombre geográfico como elemento de entrada: Fotografía
  • Subcampo de control: g

550 ## - TRAZADO VÉASE ADEMÁS--TÉRMINO DE MATERIA

  • Término de materia o nombre geográfico como elemento de entrada: Fotografía al aire libre

670 ## - FUENTE DE DATOS ENCONTRADOS

  • Cita de la fuente: Work cat.: (DO-SdBNP)52516: García, Jenny 53018, Sensaciones /, 2022.

670 ## - FUENTE DE DATOS ENCONTRADOS

  • Identificador Uniforme del Recurso: https://authorities.loc.gov/cgi-bin/Pwebrecon.cgi?AuthRecID=4785772&v1=1&HC=2&SEQ=20250416104942&PID=BQYnUIIeTYyGRAscn83akgXvJ7fG Consultado en 16 de Abril, 2025
  • Identificador Uniforme del Recurso: https://librunam.dgb.unam.mx:8443/F/1XT96VEVXNPEIDYVC833HQJ95XMG95ETS9BBB6F737Q2J5UK2J-00273?func=full-set-set&set_number=001181&set_entry=000001&format=001 Consultado en 16 de April, 2025

680 ## - NOTA GENERAL PÚBLICA

  • Texto explicativo: Aquí se asientan obras sobre la técnica de fotografiar los distintos lugares de interés de una región, país o localidad. Obras que contienen colecciones de fotografías de un lugar concreto se asientan bajo el nombre del lugar con la subdivisión
  • Encabezamiento o término de subdivisión: Obras ilustradas

681 ## - NOTA DE EJEMPLO DE TRAZADO DE MATERIA

  • Texto explicativo: Ejemplo bajo
  • Encabezamiento de materia o término de subdivisión: Fotografía aplicada

Con tecnología Koha